00361nam a2200145Ia 4500008004100000020001500041082001800056100001700074245003800091250000900129260002500138300001200163500002400175650001600199230524s9999 xx 000 0 und d a8120301498 a621.3815bLEE aSamuel C.Lee 0aDigital Circuits and Logic Design a10TH aNEW DELHIbPHIc2002 aXII;594 aQuantity Number: 4 aElectronics